| 000 | 00992nam a2200181 i 4500 | ||
|---|---|---|---|
| 001 | 189297 | ||
| 003 | ES-MaACL | ||
| 005 | 20230906223436.0 | ||
| 008 | 190522s1885 sp |||| | spa d | ||
| 245 | 0 | 0 |
_aEstablecimiento Termal de Urberuaga de Ubilla, Marquina (Vizcaya) : _baguas nitrogenadas, bicarbonatadas : descripción del establecimiento, análisis y virtudes medicinales de las aguas, estadística terapeútica ... |
| 260 |
_a[S.l.] : _b[s.n.], _c1885 ( _eMadrid : _fImp. Central, a cargo de Victor Saíz) |
||
| 300 |
_a88 p. ; _c21 cm. |
||
| 530 | _aDisponible en formato digital. | ||
| 610 | 2 |
_aBalneario de Urberuaga de Ubilla. _9139163 |
|
| 852 |
_aES-MaACL _jB-8925(13) _z.- Legado de Federico de Botella y de Hornos .- Encuadernado en un vol. facticio agrupado con el nombre en el lomo: España, geología, memorias y documentos varios 9 a 19 |
||
| 852 |
_aES-MaACL _jT-373-F-2 |
||
| 856 |
_uhttp://bdh-rd.bne.es/viewer.vm?id=0000136987&page=1 _zBiblioteca Digital Hispánica |
||
| 999 |
_c189297 _d189297 |
||